[Event "South Wales op 20th"]
[Site "Bridgend"]
[Date "2025.07.08"]
[Round "8"]
[White "Menadue, Jeremy FS"]
[Black "Chantrell, Paul"]
[Result "1-0"]
[WhiteElo "1945"]
[BlackElo "1761"]
[PlyCount "83"]
[EventDate "2025.07.04"]
[EventType "swiss"]
[EventRounds "9"]
[EventCountry "WLS"]
[SourceTitle "CB29_2025"]
[SourceDate "2025.07.16"]
[SourceVersion "1"]
[SourceVersionDate "2025.07.16"]
[SourceQuality "1"]

1. d4 d5 2. c4 c6 3. Nc3 Nf6 4. e3 dxc4 5. Bxc4 e6 6. Nf3 b5 7. Bd3 Bb7 8. Bd2 Be7 9. Rc1 0-0 10. Bb1 Re8 11. 0-0 Nbd7 12. Re1 Nf8 13. a4 a6 14. Ne4 Rc8 15. b4 Ng6 16. Nc5 Bxc5 17. bxc5 Qe7 18. Ba5 Nd5 19. g3 Nc7 20. Bc3 f6 21. h4 Rcd8 22. Nd2 f5 23. Qh5 Nd5 24. Nf3 Nf6 25. Qg5 Nd5 26. h5 Nh8 27. Ba5 Qxg5 28. Nxg5 Rc8 29. e4 h6 30. exd5 hxg5 31. dxe6 g6 32. hxg6 Nxg6 33. Bxf5 Ne7 34. Bg4 Kg7 35. Re5 Kf6 36. Rce1 Rg8 37. Kg2 Rh8 38. R1e3 Kg6 39. Rf3 Rhf8 40. Rf7 Rce8 41. Bd2 Rxf7 42. exf7 1-0

[Event "South Wales op 20th"]
[Site "Bridgend"]
[Date "2025.07.06"]
[Round "4"]
[White "Chantrell, Paul"]
[Black "Van Kemenade, Rudy"]
[Result "0-1"]
[WhiteElo "1761"]
[BlackElo "1926"]
[PlyCount "56"]
[EventDate "2025.07.04"]
[EventType "swiss"]
[EventRounds "9"]
[EventCountry "WLS"]
[SourceTitle "CB29_2025"]
[SourceDate "2025.07.16"]
[SourceVersion "1"]
[SourceVersionDate "2025.07.16"]
[SourceQuality "1"]

1. b3 e5 2. Bb2 Nc6 3. e4 d6 4. d3 f5 5. Be2 Nf6 6. Nc3 g6 7. Bc1 h6 8. h3 Bg7 9. exf5 Bxf5 10. g4 Be6 11. Bb2 0-0 12. Qd2 Nd5 13. Bf3 Nf4 14. Nce2 Qh4 15. Ng3 d5 16. 0-0-0 Rad8 17. Qe1 Rde8 18. Kb1 a5 19. a4 Rf7 20. Be2 Ng2 21. Qf1 Ne3 22. Qe1 Nxd1 23. Bxd1 Ref8 24. f3 d4 25. Rh2 Bxg4 26. fxg4 Rf1 27. Qxf1 Rxf1 28. Nxf1 Qe1 0-1

[Event "South Wales op 20th"]
[Site "Bridgend"]
[Date "2025.07.04"]
[Round "2"]
[White "Chantrell, Paul"]
[Black "Emblem, Mark"]
[Result "1-0"]
[WhiteElo "1761"]
[BlackElo "1625"]
[PlyCount "51"]
[EventDate "2025.07.04"]
[EventType "swiss"]
[EventRounds "9"]
[EventCountry "WLS"]
[SourceTitle "CB29_2025"]
[SourceDate "2025.07.16"]
[SourceVersion "1"]
[SourceVersionDate "2025.07.16"]
[SourceQuality "1"]

1. e4 d5 2. exd5 Qxd5 3. Nc3 Qd8 4. d4 Nf6 5. Nf3 g6 6. h3 Bg7 7. Bc4 Nc6 8. a3 0-0 9. 0-0 a6 10. Re1 Re8 11. Be3 b5 12. Ba2 e6 13. Qd2 Bb7 14. Rad1 Ne7 15. Qe2 Ned5 16. Nxd5 exd5 17. b4 Ne4 18. Qd3 Nd6 19. c3 Nc4 20. Bc1 c6 21. Rxe8+ Qxe8 22. Re1 Qd7 23. Bxc4 dxc4 24. Qe2 Kf8 25. Bf4 Re8 26. Bd6+ 1-0

[Event "Cambridge op 3rd"]
[Site "Cambridge"]
[Date "2025.05.31"]
[Round "9"]
[White "Chantrell, Paul"]
[Black "Smart, Michael R"]
[Result "1/2-1/2"]
[WhiteElo "1749"]
[BlackElo "1914"]
[PlyCount "44"]
[EventDate "2025.05.26"]
[EventType "tourn"]
[EventRounds "9"]
[EventCountry "ENG"]
[SourceTitle "CB23_2025"]
[SourceDate "2025.06.04"]
[SourceVersion "1"]
[SourceVersionDate "2025.06.04"]
[SourceQuality "1"]

1. e4 Nc6 2. Nf3 d6 3. d4 Nf6 4. Nc3 g6 5. Be2 Bg7 6. 0-0 Bg4 7. h3 Bxf3 8. Bxf3 0-0 9. Be3 e5 10. d5 Ne7 11. Ne2 c6 12. c4 cxd5 13. cxd5 Nd7 14. Nc3 f5 15. b3 Nf6 16. Qd3 Qa5 17. Bd2 Qd8 18. Rac1 Rc8 19. Nb5 a6 20. Rxc8 Nxc8 21. Nc3 Ne7 22. Rc1 fxe4 1/2-1/2

[Event "Cambridge op 3rd"]
[Site "Cambridge"]
[Date "2025.05.29"]
[Round "6"]
[White "Chantrell, Paul"]
[Black "Prince, Alan R"]
[Result "1/2-1/2"]
[WhiteElo "1749"]
[BlackElo "1803"]
[PlyCount "144"]
[EventDate "2025.05.26"]
[EventType "tourn"]
[EventRounds "9"]
[EventCountry "ENG"]
[SourceTitle "CB23_2025"]
[SourceDate "2025.06.04"]
[SourceVersion "1"]
[SourceVersionDate "2025.06.04"]
[SourceQuality "1"]

1. e4 c5 2. Nf3 Nc6 3. d4 cxd4 4. Nxd4 e5 5. Nb5 d6 6. N1c3 a6 7. Na3 Be7 8. Nc4 b5 9. Ne3 Nf6 10. Ned5 Be6 11. Nxf6+ Bxf6 12. Nd5 0-0 13. c3 Rc8 14. Be2 Bg5 15. 0-0 Bxc1 16. Rxc1 Ne7 17. Nxe7+ Qxe7 18. Bg4 Rfd8 19. b3 d5 20. Bxe6 Qxe6 21. exd5 Rxd5 22. Qe2 Rcd8 23. c4 Rd2 24. Rfd1 R2d4 25. cxb5 axb5 26. Rxd4 exd4 27. Qxb5 d3 28. Qa5 Re8 29. Qd2 Qd5 30. Kf1 h6 31. Rc3 Re2 32. Qxd3 Qxd3 33. Rxd3 Rxa2 34. Rd8+ Kh7 35. g4 Rb2 36. Rd3 Kg6 37. Kg2 h5 38. h3 hxg4 39. hxg4 f5 40. gxf5+ Kxf5 41. Kf3 Kf6 42. Ke3 g5 43. f3 Kf5 44. Rd5+ Kf6 45. Rb5 Rb1 46. f4 gxf4+ 47. Kxf4 Ke6 48. Ke4 Kd6 49. Kd4 Kc6 50. Kc4 Rc1+ 51. Kb4 Rc2 52. Rh5 Rg2 53. Rh6+ Kb7 54. Ka4 Rg4+ 55. b4 Rg1 56. Rh7+ Kb6 57. Rh6+ Kb7 58. Ka5 Ra1+ 59. Kb5 Rg1 60. Rh7+ Kb8 61. Ka5 Rg6 62. b5 Rf6 63. b6 Rf1 64. Rh4 Ra1+ 65. Kb5 Rb1+ 66. Kc5 Rc1+ 67. Rc4 Rxc4+ 68. Kxc4 Kb7 69. Kc5 Kb8 70. Kc6 Kc8 71. b7+ Kb8 72. Kd5 Kxb7 1/2-1/2

[Event "Cambridge op 3rd"]
[Site "Cambridge"]
[Date "2025.05.27"]
[Round "3"]
[White "Pick, Freddie"]
[Black "Chantrell, Paul"]
[Result "1-0"]
[WhiteElo "1997"]
[BlackElo "1749"]
[PlyCount "63"]
[EventDate "2025.05.26"]
[EventType "tourn"]
[EventRounds "9"]
[EventCountry "ENG"]
[SourceTitle "CB23_2025"]
[SourceDate "2025.06.04"]
[SourceVersion "1"]
[SourceVersionDate "2025.06.04"]
[SourceQuality "1"]

1. c4 e5 2. Nc3 Nc6 3. Nf3 f5 4. g3 Nf6 5. d4 e4 6. Nh4 g6 7. Bg5 Bg7 8. e3 0-0 9. Ng2 d6 10. Nf4 Kh8 11. h4 Qe8 12. h5 Nxh5 13. Nxh5 gxh5 14. Nd5 Qf7 15. Be2 Be6 16. Bxh5 Qd7 17. Nf4 Bf7 18. Bg6 Bxg6 19. Nxg6+ Kg8 20. Nxf8 Rxf8 21. a3 Rf7 22. Kf1 Bf6 23. Bxf6 Rxf6 24. Kg2 Qg7 25. Qh5 Ne7 26. Rag1 f4 27. exf4 Rxf4 28. Qh6 Rf6 29. Qxg7+ Kxg7 30. Re1 d5 31. cxd5 Nxd5 32. Rxe4 1-0

[Event "South Wales op 19th"]
[Site "Bridgend"]
[Date "2024.07.09"]
[Round "8"]
[White "Chantrell, Paul"]
[Black "Richards, Joshua"]
[Result "1-0"]
[WhiteElo "1735"]
[BlackElo "1823"]
[PlyCount "109"]
[EventDate "2024.07.05"]
[EventType "swiss"]
[EventRounds "9"]
[EventCountry "WLS"]
[SourceTitle "CBM 221 Extra"]
[Source "ChessBase"]
[SourceDate "2024.09.30"]
[SourceVersion "1"]
[SourceVersionDate "2024.09.30"]
[SourceQuality "1"]

1. e4 d5 2. exd5 Qxd5 3. Nc3 Qa5 4. d4 Nf6 5. Nf3 Bg4 6. Bc4 e6 7. Bd2 c6 8. Nd5 Qd8 9. Nxf6+ Qxf6 10. c3 Bxf3 11. Qxf3 Qxf3 12. gxf3 Nd7 13. 0-0-0 g6 14. Rde1 Bg7 15. Bb3 0-0 16. Bf4 Rfe8 17. Re2 c5 18. Ba4 Red8 19. Bxd7 Rxd7 20. dxc5 Rc8 21. Be3 Rd5 22. Rd2 Rf5 23. Rhd1 Rd5 24. Rxd5 exd5 25. Rxd5 Bf6 26. Rd7 Rb8 27. Bf4 Re8 28. Rxb7 Re1+ 29. Kd2 Re8 30. Rb8 Kf8 31. Bd6+ Be7 32. Bxe7+ Kxe7 33. Rxe8+ Kxe8 34. b4 Kd7 35. b5 g5 36. Ke3 f5 37. h3 h5 38. a4 Kc7 39. a5 Kb7 40. c6+ Kc7 41. c4 Kb8 42. c5 Kc7 43. b6+ axb6 44. axb6+ Kxc6 45. Ke2 Kd7 46. b7 Kc7 47. c6 Kb8 48. f4 g4 49. hxg4 fxg4 50. f5 h4 51. f6 h3 52. f7 h2 53. f8Q+ Kc7 54. b8Q+ Kxc6 55. Qfd6# 1-0

[Event "South Wales op 19th"]
[Site "Bridgend"]
[Date "2024.07.07"]
[Round "5"]
[White "Chantrell, Paul"]
[Black "Nalej, Tomasz Daniel"]
[Result "1-0"]
[WhiteElo "1735"]
[BlackElo "1569"]
[PlyCount "81"]
[EventDate "2024.07.05"]
[EventType "swiss"]
[EventRounds "9"]
[EventCountry "WLS"]
[SourceTitle "CBM 221 Extra"]
[Source "ChessBase"]
[SourceDate "2024.09.30"]
[SourceVersion "1"]
[SourceVersionDate "2024.09.30"]
[SourceQuality "1"]

1. e4 c5 2. Nf3 d6 3. d4 cxd4 4. Nxd4 a6 5. Nc3 Nf6 6. Bg5 Nbd7 7. Be2 e6 8. 0-0 Be7 9. Kh1 0-0 10. Bc4 b5 11. Nc6 Qe8 12. Nxe7+ Qxe7 13. Bb3 Bb7 14. f3 Nc5 15. Bxf6 Qxf6 16. Qxd6 Nxb3 17. axb3 h6 18. Rfd1 Rfd8 19. Qb6 Rxd1+ 20. Rxd1 Qe7 21. Ne2 Kh7 22. b4 f5 23. exf5 exf5 24. Nf4 Re8 25. h3 Bc8 26. c3 Qg5 27. Qc6 Qe7 28. Qg6+ Kh8 29. Qc6 Kh7 30. Qg6+ Kh8 31. Nh5 Rg8 32. Rd6 Qe1+ 33. Kh2 Qe5+ 34. f4 Qe7 35. Rd5 Be6 36. Re5 Bf7 37. Qxf5 g6 38. Rxe7 gxf5 39. Rxf7 a5 40. Nf6 Rg7 41. Rf8+ 1-0

[Event "South Wales op 19th"]
[Site "Bridgend"]
[Date "2024.07.06"]
[Round "3"]
[White "Chantrell, Paul"]
[Black "Williams, John A"]
[Result "1-0"]
[WhiteElo "1735"]
[BlackElo "1611"]
[PlyCount "29"]
[EventDate "2024.07.05"]
[EventType "swiss"]
[EventRounds "9"]
[EventCountry "WLS"]
[SourceTitle "CBM 221 Extra"]
[Source "ChessBase"]
[SourceDate "2024.09.30"]
[SourceVersion "1"]
[SourceVersionDate "2024.09.30"]
[SourceQuality "1"]

1. e4 d6 2. d4 Nf6 3. Nc3 c6 4. f4 Qa5 5. Bd3 e5 6. Nf3 Bg4 7. Be3 Nbd7 8. 0-0 exd4 9. Bxd4 Be7 10. h3 Bxf3 11. Qxf3 Nc5 12. e5 Nxd3 13. exf6 Bxf6 14. Qe3+ Kd7 15. Qxd3 1-0

[Event "GBR-ch Major op 109th"]
[Site "Leicester"]
[Date "2023.07.25"]
[Round "4"]
[White "Foster, Timothy"]
[Black "Chantrell, Paul"]
[Result "1-0"]
[WhiteElo "1874"]
[BlackElo "1576"]
[PlyCount "91"]
[EventDate "2023.07.22"]
[EventType "swiss"]
[EventRounds "9"]
[EventCountry "ENG"]
[SourceTitle "EXT 2024"]
[Source "ChessBase"]
[SourceDate "2023.10.10"]
[SourceVersion "1"]
[SourceVersionDate "2023.10.10"]
[SourceQuality "1"]

1. Nf3 Nf6 2. c4 g6 3. b3 Bg7 4. Bb2 0-0 5. g3 d6 6. d4 c6 7. Bg2 e6 8. Nbd2 d5 9. 0-0 Re8 10. Qc2 Nbd7 11. e4 dxe4 12. Nxe4 Nxe4 13. Qxe4 Nf6 14. Qc2 Qc7 15. Rad1 b6 16. Ne5 Bb7 17. Rfe1 Nd7 18. Ng4 Nf6 19. Nxf6+ Bxf6 20. d5 Bxb2 21. d6 Qd7 22. Qxb2 c5 23. Bxb7 Qxb7 24. Qf6 Rad8 25. h4 h5 26. Rd3 Rd7 27. g4 Kh7 28. Re5 Rg8 29. gxh5 Qb8 30. Rg5 Qd8 31. hxg6+ Rxg6 32. Rxg6 fxg6 33. Qxe6 Kh6 34. Rd5 a6 35. h5 Rg7 36. d7 Kh7 37. Qe8 Qh4 38. hxg6+ Rxg6+ 39. Qxg6+ Kxg6 40. d8Q Qg4+ 41. Kf1 Qh3+ 42. Ke1 Qh1+ 43. Kd2 Qh6+ 44. Kc2 Qh7 45. Qd7 Qh2 46. Qe6+ 1-0

[Event "ENG-ch Seniors 50"]
[Site "Leamington Spa"]
[Date "2023.05.07"]
[Round "6"]
[White "Chantrell, Paul"]
[Black "Homer, Neil S"]
[Result "1-0"]
[WhiteElo "1576"]
[BlackElo "1534"]
[PlyCount "35"]
[EventDate "2023.05.04"]
[EventType "swiss"]
[EventRounds "7"]
[EventCountry "ENG"]
[SourceTitle "CBM 214 Extra"]
[Source "ChessBase"]
[SourceDate "2023.07.31"]
[SourceVersion "1"]
[SourceVersionDate "2023.07.31"]
[SourceQuality "1"]

1. e4 c6 2. Nc3 d5 3. Nf3 Bg4 4. h3 Bxf3 5. Qxf3 e6 6. d3 Nf6 7. Bd2 Nbd7 8. exd5 cxd5 9. 0-0-0 Bb4 10. a3 Bxc3 11. Bxc3 0-0 12. g4 Qc7 13. Re1 Rac8 14. g5 Ne8 15. Re2 g6 16. Bb4 Nc5 17. d4 a5 18. Bxc5 1-0

[Event "Daventry 4NCL Easter op-B 2nd"]
[Site "Daventry"]
[Date "2022.04.16"]
[Round "2"]
[White "Chantrell, Paul"]
[Black "Isik, Muhammed Oguz"]
[Result "1-0"]
[WhiteElo "1783"]
[BlackElo "1492"]
[PlyCount "111"]
[EventDate "2022.04.15"]
[EventType "swiss"]
[EventRounds "7"]
[EventCountry "ENG"]
[SourceTitle "CBM 207 Extra"]
[Source "ChessBase"]
[SourceDate "2022.05.31"]
[SourceVersion "1"]
[SourceVersionDate "2022.05.31"]
[SourceQuality "1"]

1. e4 e5 2. Nf3 Nc6 3. d4 exd4 4. Bc4 Bc5 5. c3 Nf6 6. cxd4 Bb4+ 7. Bd2 Bxd2+ 8. Nbxd2 d5 9. exd5 Nxd5 10. 0-0 0-0 11. Nb3 Bg4 12. h3 Bh5 13. g3 Re8 14. a3 Qd6 15. Kg2 Re4 16. Bd3 f5 17. Re1 Rae8 18. Qd2 R4e7 19. Bc4 a6 20. Rxe7 Rxe7 21. Re1 Rxe1 22. Qxe1 b5 23. Bd3 Nde7 24. Be2 Qd5 25. Qc3 Qe4 26. Qd2 Nd5 27. Nc5 Qe7 28. Nxa6 f4 29. g4 Bg6 30. Bxb5 Nd8 31. Nc5 c6 32. Bc4 Nf7 33. Bxd5 cxd5 34. Qxf4 h6 35. Ne5 Nxe5 36. Qxe5 Qxe5 37. dxe5 Bc2 38. f4 Kf7 39. f5 h5 40. Kf2 h4 41. a4 d4 42. a5 Bb1 43. a6 Ba2 44. b3 g6 45. a7 gxf5 46. a8Q Bb1 47. Qd5+ Kg6 48. Qxd4 Kg5 49. Qe3+ Kg6 50. e6 fxg4 51. hxg4 Bf5 52. gxf5+ Kg7 53. Qg5+ Kh7 54. Qg6+ Kh8 55. f6 h3 56. Qg7# 1-0

[Event "London Classic op U1600 11th"]
[Site "London"]
[Date "2019.11.30"]
[Round "2"]
[White "Chantrell, Paul"]
[Black "MacDonald, Amaya"]
[Result "1-0"]
[WhiteElo "1546"]
[BlackElo "1275"]
[PlyCount "95"]
[EventDate "2019.11.29"]
[EventType "swiss"]
[EventRounds "5"]
[EventCountry "ENG"]
[SourceTitle "CBM 195 Extra"]
[Source "ChessBase"]
[SourceDate "2020.05.31"]
[SourceVersion "1"]
[SourceVersionDate "2020.05.31"]
[SourceQuality "1"]

1. e4 c5 2. Nf3 Nc6 3. d4 cxd4 4. Nxd4 Nf6 5. Nc3 g6 6. Be3 Bg7 7. f3 0-0 8. Qd2 e6 9. 0-0-0 a6 10. g4 Qc7 11. h4 d5 12. g5 Nh5 13. exd5 exd5 14. Nxd5 Qe5 15. Nb6 Ng3 16. c3 Nxh1 17. Nxc6 bxc6 18. Nxa8 Qg3 19. Bg2 Qxh4 20. Rxh1 Qa4 21. b3 Qa3+ 22. Qb2 Qa5 23. b4 Qe5 24. Qd2 Re8 25. Bd4 Qb8 26. Bxg7 Kxg7 27. Qd4+ Kg8 28. Qh4 Qxa8 29. Qxh7+ Kf8 30. Qh8+ Ke7 31. Qf6+ Kd7 32. Qxf7+ Re7 33. Rd1+ Kc7 34. Qxe7+ Kb6 35. Qd8+ Ka7 36. Qc7+ Bb7 37. Rd8 Qxd8 38. Qxd8 a5 39. Qxa5+ Ba6 40. Bf1 c5 41. Qxa6+ Kb8 42. bxc5 Kc7 43. Qd6+ Kb7 44. Qb6+ Kc8 45. Qa7 Kd8 46. Bb5 Kc8 47. Bc6 Kd8 48. Qd7# 1-0

[Event "London Classic op U1600 11th"]
[Site "London"]
[Date "2019.11.30"]
[Round "3"]
[White "Siddharth, Lakshan"]
[Black "Chantrell, Paul"]
[Result "1-0"]
[WhiteElo "1386"]
[BlackElo "1546"]
[PlyCount "59"]
[EventDate "2019.11.29"]
[EventType "swiss"]
[EventRounds "5"]
[EventCountry "ENG"]
[SourceTitle "CBM 195 Extra"]
[Source "ChessBase"]
[SourceDate "2020.05.31"]
[SourceVersion "1"]
[SourceVersionDate "2020.05.31"]
[SourceQuality "1"]

1. e4 e5 2. Nf3 Nc6 3. Bb5 a6 4. Ba4 Nf6 5. 0-0 Nxe4 6. d4 b5 7. Bb3 d5 8. Re1 Bg4 9. dxe5 Be6 10. Bf4 Bc5 11. Be3 Bxe3 12. Rxe3 Ne7 13. Nc3 Nxc3 14. Rxc3 Rc8 15. Ng5 c5 16. a4 c4 17. axb5 cxb3 18. bxa6 Rxc3 19. bxc3 bxc2 20. Qxc2 Qa8 21. Nxh7 Nc6 22. Ng5 Nxe5 23. Qe2 Ng6 24. Nxe6 fxe6 25. Qxe6+ Ne7 26. Re1 Qd8 27. a7 Kf8 28. Qxe7+ Qxe7 29. a8Q+ Kf7 30. Rxe7+ 1-0

[Event "Basingstoke 4NCL Spring Bank 2nd U2050"]
[Site "Basingstoke"]
[Date "2019.05.26"]
[Round "5"]
[White "Buanne, Luca"]
[Black "Chantrell, Paul"]
[Result "1-0"]
[WhiteElo "1536"]
[BlackElo "1620"]
[PlyCount "91"]
[EventDate "2019.05.24"]
[EventType "swiss"]
[EventRounds "7"]
[EventCountry "ENG"]
[SourceTitle "EXT 2020"]
[Source "ChessBase"]
[SourceDate "2019.10.17"]
[SourceVersion "1"]
[SourceVersionDate "2019.10.17"]
[SourceQuality "1"]

1. e4 e5 2. Nf3 Nc6 3. Bb5 a6 4. Ba4 Nf6 5. 0-0 b5 6. Bb3 Nxe4 7. Re1 d5 8. d4 Be6 9. dxe5 Bc5 10. Be3 Bxe3 11. Rxe3 0-0 12. c3 Na5 13. Nbd2 Nc5 14. Bc2 Nd7 15. Qb1 g6 16. h4 Kg7 17. Ng5 Qe7 18. b4 Nc6 19. Re1 Nd8 20. f4 f5 21. exf6+ Qxf6 22. Nxe6+ Nxe6 23. f5 Nf4 24. Nf3 Rae8 25. Qd1 Qxc3 26. Qd4+ Qxd4+ 27. Nxd4 Kf6 28. g3 Nh5 29. Ne6 Ne5 30. Nxf8 Nf3+ 31. Kf2 Nxe1 32. Nxh7+ Kg7 33. Rxe1 Rxe1 34. Kxe1 Kxh7 35. fxg6+ Kg7 36. Kf2 Kf6 37. Kf3 Ng7 38. g4 Ne6 39. Bf5 Nd4+ 40. Ke3 Nc6 41. a3 Ne5 42. h5 Nc4+ 43. Kd4 c6 44. h6 Nxa3 45. g7 Kf7 46. Bh7 1-0

[Event "Basingstoke 4NCL Spring Bank 2nd U2050"]
[Site "Basingstoke"]
[Date "2019.05.24"]
[Round "1"]
[White "Cooper, Malcolm H"]
[Black "Chantrell, Paul"]
[Result "1-0"]
[WhiteElo "1925"]
[BlackElo "1620"]
[PlyCount "123"]
[EventDate "2019.05.24"]
[EventType "swiss"]
[EventRounds "7"]
[EventCountry "ENG"]
[SourceTitle "EXT 2020"]
[Source "ChessBase"]
[SourceDate "2019.10.17"]
[SourceVersion "1"]
[SourceVersionDate "2019.10.17"]
[SourceQuality "1"]

1. e4 e5 2. Nf3 Nc6 3. Bb5 a6 4. Ba4 Nf6 5. 0-0 Nxe4 6. d4 b5 7. Bb3 d5 8. dxe5 Be6 9. c3 Nc5 10. Bc2 Nd7 11. Re1 Bc5 12. Bg5 Be7 13. Bf4 0-0 14. Nbd2 g6 15. Nf1 Re8 16. Qd2 Bf8 17. Bh6 Bg7 18. Bxg7 Kxg7 19. Qf4 Ne7 20. Ne3 c6 21. Rad1 Ng8 22. Ra1 Qe7 23. Qg3 Ra7 24. Nd4 Qc5 25. f4 Nf8 26. b4 Qb6 27. f5 Bc8 28. Kh1 Kh8 29. e6 Ree7 30. Qe5+ f6 31. Qg3 Qc7 32. Qf2 g5 33. h4 Rg7 34. h5 h6 35. g4 Re7 36. Qh2 Kg7 37. Nb3 Qxh2+ 38. Kxh2 Rec7 39. Nc5 Ne7 40. Bb3 Nh7 41. Re2 Kf8 42. Nc2 Ke8 43. Nd4 Nf8 44. a4 a5 45. axb5 axb4 46. Rxa7 Rxa7 47. b6 Ra3 48. b7 Bxb7 49. Nxb7 bxc3 50. Rc2 Ra1 51. Rxc3 Rb1 52. Nd6+ Kd8 53. Nb7+ Kc7 54. Na5 Kb6 55. Naxc6 Rb2+ 56. Kg3 Nc8 57. Rc2 Rxc2 58. Bxc2 Nd6 59. Bb3 Ne4+ 60. Kf3 Nd2+ 61. Ke3 Nxb3 62. e7 1-0